[Event "Uljanovsk Sidorov Memorial"]
[Site "Uljanovsk"]
[Date "2014.07.17"]
[Round "4"]
[White "Usachev, Andrey"]
[Black "Logunov, Egor"]
[Result "1-0"]
[WhiteElo "1931"]
[BlackElo "1607"]
[PlyCount "21"]
[EventDate "2014.07.16"]
[EventType "swiss"]
[EventRounds "9"]
[EventCountry "RUS"]
[SourceTitle "CBM 161 Extra"]
[Source "ChessBase"]
[SourceDate "2014.08.29"]
[SourceVersion "1"]
[SourceVersionDate "2014.08.29"]
[SourceQuality "1"]

1. Nf3 Nc6 2. e4 e5 3. d4 exd4 4. Nxd4 Qh4 5. Be3 Qxe4 6. Nd2 Qe7 7. Nf5 Qd8 8. Bb5 Nf6 9. Qe2 Ne7 10. Bd4 c6 11. Nd6# 1-0

[Event "Uljanovsk Sidorov Memorial"]
[Site "Uljanovsk"]
[Date "2013.07.13"]
[Round "8"]
[White "Beldyugin, Alexey"]
[Black "Usachev, Andrey"]
[Result "1-0"]
[WhiteElo "2080"]
[BlackElo "1889"]
[PlyCount "75"]
[EventDate "2013.07.11"]
[EventType "swiss"]
[EventRounds "9"]
[EventCountry "RUS"]
[SourceTitle "EXT 2014"]
[Source "ChessBase"]
[SourceDate "2013.11.20"]
[SourceVersion "1"]
[SourceVersionDate "2013.11.20"]
[SourceQuality "1"]

1. d4 d5 2. c4 e6 3. Nf3 Nf6 4. g3 Nbd7 5. Bg2 c6 6. Qc2 b6 7. cxd5 cxd5 8. 0-0 Bb7 9. Nc3 Bd6 10. Bf4 Rc8 11. Rac1 0-0 12. Qb3 a6 13. a4 Re8 14. Rc2 Bf8 15. Rfc1 Qe7 16. Na2 Rxc2 17. Rxc2 Rc8 18. Rc7 Rxc7 19. Bxc7 Nc5 20. dxc5 Qxc7 21. cxb6 Qc5 22. Ne5 h6 23. Nd3 Qa5 24. e3 Be7 25. Bf1 Bd8 26. Qb4 Qxb6 27. Nc5 Bc6 28. Bxa6 d4 29. Qxb6 Bxb6 30. exd4 e5 31. dxe5 Bxc5 32. exf6 Bxa4 33. b4 Bb6 34. Nc3 Bc6 35. b5 Bf3 36. Na4 Bd4 37. b6 Bc6 38. b7 1-0

[Event "Uljanovsk-ch U26 op"]
[Site "Uljanovsk"]
[Date "2013.04.07"]
[Round "9"]
[White "Usachev, Andrey"]
[Black "Beldyugin, Alexey"]
[Result "0-1"]
[WhiteElo "1893"]
[BlackElo "2061"]
[PlyCount "96"]
[EventDate "2013.03.23"]
[EventType "swiss"]
[EventRounds "9"]
[EventCountry "RUS"]
[SourceTitle "EXT 2014"]
[Source "ChessBase"]
[SourceDate "2013.11.20"]
[SourceVersion "1"]
[SourceVersionDate "2013.11.20"]
[SourceQuality "1"]

1. d4 d6 2. g3 e5 3. e3 Nc6 4. Bg2 Nge7 5. d5 Nb8 6. Ne2 g6 7. b3 Bg7 8. Bb2 0-0 9. 0-0 f5 10. f4 Nd7 11. c4 a5 12. Nd2 Nc5 13. e4 Nd3 14. Bc3 c6 15. c5 cxd5 16. exd5 e4 17. Bxg7 Kxg7 18. Nc3 dxc5 19. Ndxe4 fxe4 20. Bxe4 Nb4 21. a3 Na6 22. Ra2 Nf5 23. Bxf5 Bxf5 24. Rd2 Qf6 25. Qf3 Rad8 26. Ne4 Bxe4 27. Qxe4 Rfe8 28. Qc4 Re7 29. Rfd1 Red7 30. Qb5 Qe7 31. Qxa5 Qe3+ 32. Kg2 Qxb3 33. Rd3 Qb2+ 34. R1d2 Qf6 35. Qb5 Qf5 36. Qc4 Re8 37. Qc3+ Qf6 38. Qc4 Qd6 39. Qc3+ Kg8 40. Rf3 Nc7 41. f5 Nb5 42. Qc4 Nd4 43. Rxd4 cxd4 44. Qxd4 Qxd5 45. Qg4 Qe4 46. Qg5 Re5 47. g4 Rd3 48. Qf4 Qxf3+ 0-1

[Event "Ulstudents-ch op"]
[Site "Russia"]
[Date "2012.04.08"]
[Round "8"]
[White "Dobrocmyslov, Artem"]
[Black "Usachev, Andrey"]
[Result "0-1"]
[WhiteElo "1769"]
[BlackElo "1909"]
[PlyCount "114"]
[EventDate "2012.03.24"]
[EventType "swiss"]
[EventRounds "9"]
[EventCountry "RUS"]
[SourceTitle "EXT 2014"]
[Source "ChessBase"]
[SourceDate "2013.11.20"]
[SourceVersion "1"]
[SourceVersionDate "2013.11.20"]
[SourceQuality "1"]

1. d4 d5 2. Nf3 a6 3. Bf4 Nf6 4. e3 Bg4 5. Bd3 e6 6. Nbd2 Bd6 7. Bg3 Nc6 8. c3 0-0 9. Qc2 Bh5 10. Ne5 Qe8 11. Ndf3 h6 12. 0-0 Rc8 13. e4 dxe4 14. Bxe4 Nxe4 15. Qxe4 f5 16. Qe3 Nd8 17. h4 Qe7 18. Nd3 f4 19. Nxf4 Bxf4 20. Bxf4 Bxf3 21. Qxf3 Qxh4 22. Bg3 Qg5 23. Qe3 Qf5 24. Rfe1 c5 25. dxc5 Re8 26. Bd6 Nf7 27. Rad1 Ng5 28. Qd3 Qg4 29. Qg3 Qxg3 30. fxg3 Rcd8 31. Rd4 Rd7 32. Red1 Rf7 33. Bf4 Nh7 34. Rd7 Nf8 35. Rxf7 Kxf7 36. Bd6 Nd7 37. b4 e5 38. Kf2 Re6 39. Ke2 Rg6 40. Rd3 Rg4 41. Re3 Ke6 42. Kf3 h5 43. Re4 Rxe4 44. Kxe4 Nf6+ 45. Kd3 Nd5 46. a4 Kf5 47. b5 Ke6 48. c4 Nf6 49. Bf8 Nd7 50. Bd6 a5 51. Ke4 Nf6+ 52. Ke3 Nd7 53. Bc7 Nxc5 54. Bxa5 Nxa4 55. Bb4 Nb2 56. c5 Kd5 57. Ba3 Nc4+ 0-1

[Event "Uljanovsk Povolje op"]
[Site "Uljanovsk"]
[Date "2011.08.29"]
[Round "8"]
[White "Seyfutdinov, Rustam"]
[Black "Usachev, Andrey"]
[Result "0-1"]
[WhiteElo "1775"]
[BlackElo "1886"]
[PlyCount "94"]
[EventDate "2011.08.25"]
[EventType "swiss"]
[EventRounds "9"]
[EventCountry "RUS"]
[SourceTitle "CBM 144 Extra"]
[Source "ChessBase"]
[SourceDate "2011.10.28"]
[SourceVersion "1"]
[SourceVersionDate "2011.10.28"]
[SourceQuality "1"]

1. d4 d5 2. Nf3 Nf6 3. Bf4 e6 4. h3 Bd6 5. e3 0-0 6. Bd3 b6 7. 0-0 Ba6 8. Bxa6 Nxa6 9. c3 c5 10. Bxd6 Qxd6 11. Ne5 Nc7 12. Nd2 Nd7 13. f4 f6 14. Nxd7 Qxd7 15. Nf3 Ne8 16. g4 Nd6 17. Rf2 Rae8 18. Rg2 Kh8 19. h4 Nc4 20. Qe2 e5 21. dxe5 fxe5 22. f5 e4 23. Nd2 Ne5 24. Rd1 Qe7 25. Rh2 c4 26. Rf1 Qd7 27. h5 Nf7 28. b3 b5 29. b4 h6 30. Ra1 Ng5 31. Qd1 Qd6 32. Rg2 Qe5 33. Rc1 Rd8 34. Kf2 Qe7 35. Rb1 Nf7 36. a4 a6 37. a5 Ne5 38. Nf1 Qf6 39. Kg1 Nf3+ 40. Kh1 Qxc3 41. Qe2 Qe5 42. Nd2 Ng5 43. Rc1 d4 44. Re1 d3 45. Qf2 c3 46. Nb3 Nf3 47. Rf1 c2 0-1

[Event "Uljanovsk Povolje op"]
[Site "Uljanovsk"]
[Date "2011.08.27"]
[Round "5"]
[White "Beldyugin, Alexey"]
[Black "Usachev, Andrey"]
[Result "1-0"]
[WhiteElo "2025"]
[BlackElo "1886"]
[PlyCount "95"]
[EventDate "2011.08.25"]
[EventType "swiss"]
[EventRounds "9"]
[EventCountry "RUS"]
[SourceTitle "CBM 144 Extra"]
[Source "ChessBase"]
[SourceDate "2011.10.28"]
[SourceVersion "1"]
[SourceVersionDate "2011.10.28"]
[SourceQuality "1"]

1. d4 Nf6 2. c4 e6 3. Nc3 b6 4. e4 d6 5. g3 Bb7 6. Bg2 Nbd7 7. f4 Be7 8. Nge2 Qc8 9. 0-0 0-0 10. h3 c5 11. d5 exd5 12. exd5 h5 13. Qd3 Re8 14. Bd2 Nf8 15. Rae1 Qd7 16. f5 Bc8 17. Ne4 N8h7 18. N2c3 Qd8 19. Bf4 a6 20. Bf3 Ra7 21. g4 Nxe4 22. Nxe4 Bh4 23. Re2 Bf6 24. Nxd6 Bd4+ 25. Kg2 Rxe2+ 26. Qxe2 Re7 27. Qd2 Bd7 28. b3 b5 29. Re1 hxg4 30. hxg4 Rxe1 31. Qxe1 Ng5 32. Qh4 Bf6 33. Bxg5 Bxg5 34. Qh5 Qf6 35. Nxf7 Bf4 36. d6 Qb2+ 37. Kf1 Qc1+ 38. Kf2 Qd2+ 39. Kf1 bxc4 40. g5 Qc1+ 41. Bd1 Kf8 42. g6 Bh6 43. Qf3 Qf4 44. Nxh6 Qxf3+ 45. Bxf3 gxh6 46. f6 c3 47. g7+ Kf7 48. Bd5+ 1-0

[Event "Uljanovsk-ch"]
[Site "Uljanovsk"]
[Date "2010.03.14"]
[Round "3"]
[White "Usachev, Andrey"]
[Black "Mamedov, Damir"]
[Result "1/2-1/2"]
[WhiteElo "1834"]
[BlackElo "1612"]
[PlyCount "86"]
[EventDate "2010.03.13"]
[EventType "swiss"]
[EventRounds "9"]
[EventCountry "RUS"]
[SourceTitle "EXT 2012"]
[Source "ChessBase"]
[SourceDate "2011.11.24"]
[SourceVersion "1"]
[SourceVersionDate "2011.11.24"]
[SourceQuality "1"]

1. Nf3 d5 2. d4 Nf6 3. c4 e6 4. Bg5 Be7 5. Nc3 0-0 6. e3 h6 7. Bh4 b6 8. cxd5 Nxd5 9. Bxe7 Qxe7 10. Nxd5 exd5 11. Qb3 Be6 12. Ne5 c5 13. Be2 Nd7 14. Nxd7 Qxd7 15. 0-0 Rfd8 16. Rac1 Rac8 17. Bb5 Qe7 18. Qa3 Kf8 19. Qd3 g6 20. Qd2 Qg5 21. Ba6 Rc7 22. b3 Kg8 23. Rc3 Bc8 24. Be2 Bh3 25. Bf3 Bg4 26. Bd1 Be6 27. Be2 Bh3 28. Bf3 Bg4 29. Qe2 Be6 30. Rfc1 Rdc8 31. Qa6 c4 32. Qb5 Qf5 33. h3 Qg5 34. Kf1 Qd8 35. Be2 Qd6 36. Kg1 Bd7 37. Qa6 cxb3 38. Rxc7 Rxc7 39. Rb1 bxa2 40. Qxa2 Bf5 41. Ra1 Rc2 42. Qa6 Qb4 43. Bf3 Qd2 1/2-1/2

[Event "Uljanovsk Cup"]
[Site "Uljanovsk"]
[Date "2009.12.19"]
[Round "7"]
[White "Usachev, Andrey"]
[Black "Zhdanov, Eduard"]
[Result "0-1"]
[WhiteElo "1834"]
[BlackElo "2034"]
[PlyCount "110"]
[EventDate "2009.12.05"]
[EventType "swiss"]
[EventRounds "9"]
[EventCountry "RUS"]
[SourceTitle "EXT 2012"]
[Source "ChessBase"]
[SourceDate "2011.11.24"]
[SourceVersion "1"]
[SourceVersionDate "2011.11.24"]
[SourceQuality "1"]

1. d4 d5 2. Nc3 Nf6 3. Nf3 e6 4. Bg5 h6 5. Bd2 c5 6. e3 a6 7. Be2 Bd6 8. dxc5 Bxc5 9. 0-0 Nc6 10. Bd3 b5 11. a3 e5 12. e4 d4 13. Ne2 0-0 14. Rc1 Bb7 15. Ng3 Bd6 16. b4 Re8 17. c4 dxc3 18. Bxc3 Nd4 19. Re1 Nxf3+ 20. Qxf3 Rc8 21. Red1 Qb6 22. Bb1 Rc4 23. Bd2 Rxc1 24. Bxc1 Bc8 25. h3 Bf8 26. Qc3 Qb8 27. Ba2 Be6 28. Bxe6 Rxe6 29. Be3 g6 30. f3 Kg7 31. Nh1 Ne8 32. Rd7 Be7 33. Ba7 Qa8 34. Nf2 h5 35. Be3 Qb8 36. f4 Bf6 37. Ba7 exf4 38. Bd4 Kg8 39. Nd3 Bxd4+ 40. Qxd4 Rd6 41. Rxd6 Qxd6 42. Qxd6 Nxd6 43. Nc5 Nc4 44. Nxa6 Nxa3 45. Nc7 g5 46. Kf2 Kf8 47. Kf3 Ke7 48. Nd5+ Ke6 49. h4 f6 50. g4 fxg3 51. Kxg3 Ke5 52. Kf3 Nc4 53. Nc3 Nd6 54. Ke3 gxh4 55. Kf3 h3 0-1